| 000 | 00373 a2200109 4500 | ||
|---|---|---|---|
| 001 | ART_45683 | ||
| 005 | 20260410162013.0 | ||
| 008 | 260409a | ||
| 245 | 1 | 0 | _aUna mirada sobre las nuevas reformas al procedimiento administrativo |
| 100 | 1 | _aBalbín, Carlos Francisco | |
| 773 | 0 |
_tTemas de derecho administrativo _g- Año 3, Nº 2 (feb. 2018) _wREV40468 |
|
| 999 |
_c32381 _d32381 |
||